| 000 | 00464nam a22001697a 4500 | ||
|---|---|---|---|
| 003 | NUST - PNEC | ||
| 005 | 20170116181136.0 | ||
| 008 | 151007b xxu||||| |||| 00| 0 eng d | ||
| 020 | _a0749426152 | ||
| 040 | _cLIBRARY | ||
| 082 | _a658.404 AND | ||
| 245 |
_aGoal directed project management : effective techniques and strategies _cErling S.Andersen |
||
| 250 | _a2nd ed. | ||
| 260 | _cc.1984 | ||
| 650 |
_914308 _aProject management _xMIS |
||
| 942 |
_2ddc _cBK |
||
| 999 |
_c70243 _d70243 |
||